Представление документа в формате MARC21

Поле Инд. ПП Название Значение
Тип записи a
Библиографический уровень a
001 Контрольный номер f5714ec38edb4d6ea601c53bc8bc58e3
005 Дата корректировки 20260701154425.0
040 a Служба первич. каталог. 10013504
041 0_ a Код языка текста rus
100 1_ a Автор Клыпин А.А.
q Полное имя Клыпин Анатолий Александрович
245 10 a Заглавие Разрушение жаропрочных сплавов в условиях длительного приложения нагрузки
260 a Место издания Москва
b Издательство МАИ
653 0_ a Ключевые слова АВТОР МАИ; ЖАРОПРОЧНЫЕ СПЛАВЫ
773 18 a Заголовок основной записи Московский авиационный институт им. С. Орджоникидзе
w Контрольный № источника d62d2c63ed474c1d8601f9bce85f9d7d
t Название источника Труды института
d Место и дата издания Москва : МАИ, 1971
g Прочая информация Вып. 228. - С.20-24
901 t Тип документа a